Elder Scrolls Lore - Statistics

General Stats
  • This quiz has been taken 49 times
  • The average score is 14 of 25
Answer Stats
Question Answer % Correct
What were the dwarves? Elves
86%
What was the name of the Cult that started the Oblivion Crisis? The Mythic Dawn
86%
What are the names of the three living Gods of the Dunmeri Tribunal? Almalexia, Sotha-sil, Vivec
84%
How did the Great War, between the 3rd Aldmeri Dominion and the Tamrielic empire during the fourth era, end? With the Empire signing the White Gold Concordat and submitting to the terms of the Dominion
81%
Saitn Jiub became a saint after driving which creatures from Vvardenfell? Cliff Racers
74%
What is the name of Malacaths former self, as the Aedric Warrior god? Trinimac
74%
Which of the following is NOT a continent of Nirn? Secunda
72%
What is a Dragon-Break? A fracturing of linear time, causing all possible timelines to occur simultaneously
70%
What were the names of Kagrenacs tools used to tap into the heart of Lorkhan? Keening, Wraithguard and Sunder
70%
Who is known as the God of Man? Lorkhan
70%
Who built sky haven temple? The Akaviri
65%
What is the oldest known structure in Tamriel? The Adamantine Tower
63%
What is Chim? The state of realizing that reality is a simulation and becoming aware they are a character
58%
Who is the original Form of being? Anu
56%
What are the sun and stars? Tears in reality
56%
What is colloquially known as the 'Walking City'? Falinesti
53%
When was the Mages Guild founded? Second Era
53%
What/who is Pelinal Whitestrake? Time Traveling Racist Cyborg
51%
What is the name of The trickster god of the Khajiit, also known as the Purring Liar or the Footpad? Rajhin
49%
What was the result of the divine interplay between primordeal forces of stasis and change? Aurbis
42%
Who are the Ehlnofey? The ancestors of all mortal races
40%
What happened to the God Lorkhans body after his heart was ripped out? It formed the moons
23%
What is the color of night? Sanguin, my brother.
23%
What does 'Ahzirr Traajijazeri' translate to in Tamrieliic? "We Justly Take by Force"
23%
Where are memories stored? Within Water
14%
No matching quizzes found
Score Distribution
Percent of People with Each Score
Percentile by Number Answered
Your Score History
You have not taken this quiz